00652nam a2200181Ia 4500001000900000003000500009005001700014008004100031010001100072040000900083082002100092110003600113245012400149260007900273300001000352650005300362650005500415dia_1105CHAP20230123105130.0220117s1973 xx 000 0 und d a171651 cCHAP a334.026 M49 1973 aMéxico. Leyes, decretos, etc. aExposición de motivos del proyecto de Ley General de Sociedades Cooperativas ; Ley General de Sociedades Cooperativas aChapingo, México :b ENA. Departamento de Industrias Agrícolas,c1973 a60 p. aCooperativasxLeyes y legislaciónxMéxico /  aCooperative societiesxLaw and legislationxMexico